El pensamiento vivo de Sandino / (Record no. 197865)

MARC details
000 -LEADER
campo de control de longitud fija 01315nam a2200361 i 4500
001 - NÚMERO DE CONTROL
campo de control 197865
003 - IDENTIFICADOR DE NÚMERO DE CONTROL
campo de control ES-MaACL
005 - FECHA Y HORA DE LA ÚLTIMA TRANSACCIÓN
campo de control 20251016163653.0
007 - CAMPO FIJO DE DESCRIPCIÓN FÍSICA--INFORMACIÓN GENERAL
campo de control de longitud fija ta
008 - DATOS DE LONGITUD FIJA--INFORMACIÓN GENERAL
campo de control de longitud fija 251013s1980 cu ||||| |||| 001 0 spa d
040 ## - FUENTE DE CATALOGACIÓN
Lengua de catalogación spa
Centro/agencia transcriptor ES-MaACL
080 ## - NÚMERO DE LA CLASIFICACIÓN DECIMAL UNIVERSAL
Número de la Clasificación Decimal Universal 32 Sandino, Augusto César
080 ## - NÚMERO DE LA CLASIFICACIÓN DECIMAL UNIVERSAL
Número de la Clasificación Decimal Universal 981.2"1909/1937"
100 1# - ENTRADA PRINCIPAL--NOMBRE DE PERSONA
9 (RLIN) 242348
Nombre de persona Sandino, Augusto César,
Fechas asociadas al nombre 1895-1934
Término indicativo de función/relación Autor
245 13 - MENCIÓN DEL TÍTULO
Título El pensamiento vivo de Sandino /
Mención de responsabilidad, etc. [Augusto César Sandino] ; selección y notas Sergio Ramírez.
264 ## - PRODUCCIÓN, PUBLICACIÓN, DISTRIBUCIÓN, FABRICACIÓN Y COPYRIGHT
Producción, publicación, distribución, fabricación y copyright La Habana (Cuba) :
Nombre del de productor, editor, distribuidor, fabricante Casa de las Américas,
Fecha de producción, publicación, distribución, fabricación o copyright 1980
300 ## - DESCRIPCIÓN FÍSICA
Extensión 322 páginas ;
Dimensiones 23 cm
336 ## - TIPO DE CONTENIDO
Fuente rdacontent
Término de tipo de contenido Texto
337 ## - TIPO DE MEDIO
Fuente rdamedia
Nombre/término del tipo de medio sin mediación
338 ## - TIPO DE SOPORTE
Fuente rdacarrier
Nombre/término del tipo de soporte volumen
490 1# - MENCIÓN DE SERIE
Mención de serie Colección Pensamiento de Nuestra América
504 ## - NOTA DE BIBLIOGRAFÍA, ETC.
Nota de bibliografía, etc. Bibliografía: páginas 321-322. Índice.
594 ## - NOTA AL TITULO Y MENCION DE RESPONSABILIDAD
Nota al título y mención de responsabilidad Autor tomado de la anteportada.
600 10 - PUNTO DE ACCESO ADICIONAL DE MATERIA--NOMBRE DE PERSONA
9 (RLIN) 242348
Nombre de persona Sandino, Augusto César,
Fechas asociadas al nombre 1895-1934
651 #0 - PUNTO DE ACCESO ADICIONAL DE MATERIA--NOMBRE GEOGRÁFICO
9 (RLIN) 242346
Nombre geográfico Nicaragua-
Subdivisión general Historia-
Subdivisión cronológica 1909-1937
651 #0 - PUNTO DE ACCESO ADICIONAL DE MATERIA--NOMBRE GEOGRÁFICO
9 (RLIN) 242347
Nombre geográfico Nicaragua-
Subdivisión general Historia-
Subdivisión cronológica 1926-1929 (Revolución)
700 1# - ENTRADA AGREGADA--NOMBRE PERSONAL
9 (RLIN) 242345
Nombre de persona Ramírez, Sergio,
Fechas asociadas al nombre 1942-
Término indicativo de función/relación Editor
852 ## - LOCALIZACIÓN
Ubicación ES-MaACL
Ubicación en estantería Depósito 1
Número de control de estantería A-15771
Encuadernación Encuadernación rústica
itemnumber 206820
942 ## - ELEMENTOS DE ENTRADA SECUNDARIOS (KOHA)
Tipo de ítem Koha Libro impreso
Suprimir en OPAC No
Holdings
Estatus retirado Estado de pérdida Fuente del sistema de clasificación o colocación Estado de daño No para préstamo Biblioteca de origen Biblioteca actual Ubicación en estantería Fecha de adquisición Fuente de adquisición Total de préstamos Signatura topográfica completa Código de barras Visto por última vez Fecha del último préstamo Precio de reemplazo Tipo de ítem Koha
    Clasificación decimal universal     Biblioteca del Ateneo de Madrid Biblioteca del Ateneo de Madrid Depósito 1 13/10/2025 Donación 2 A-15771 2025-1177 13/10/2025 13/10/2025 13/10/2025 Libro impreso